Southville International School and Colleges
Your cart is empty.
  • Cart
  • Lists
    Public lists list_1 View all
    Your lists Log in to create your own lists
  • Log in to your account
  • Your cookies
  • Search history
Southville International School and Colleges
  • Advanced search
  • Recent comments
  • Most popular
  • Libraries

Log in to your account

Log in with GOOGLE


If you do not have an external account, but do have a local account, you can still log in:

  1. Home
  2. MARC view: Innovation and entrepreneurship :
Normal view MARC view ISBD view

Innovation and entrepreneurship : (Record no. 16276)

[ view plain ]
MARC details
000 -LEADER
fixed length control field 00641nam a22002177a 4500
003 - CONTROL NUMBER IDENTIFIER
control field OSt
005 - DATE AND TIME OF LATEST TRANSACTION
control field 20140310182816.0
008 - FIXED-LENGTH DATA ELEMENTS--GENERAL INFORMATION
fixed length control field 130228t xxu||||| |||| 00| 0 eng d
020 ## - INTERNATIONAL STANDARD BOOK NUMBER
International Standard Book Number 9780060851132
050 ## - LIBRARY OF CONGRESS CALL NUMBER
Classification number HD 2346 U5
Item number .D78 1993
100 ## - MAIN ENTRY--PERSONAL NAME
Personal name Drucker, Peter F.
245 ## - TITLE STATEMENT
Title Innovation and entrepreneurship :
Remainder of title practice and principles /
Statement of responsibility, etc Peter F. Drucker
260 ## - PUBLICATION, DISTRIBUTION, ETC. (IMPRINT)
Place of publication, distribution, etc New York
Name of publisher, distributor, etc Harper Business
Date of publication, distribution, etc 1993
300 ## - PHYSICAL DESCRIPTION
Extent ix, 277 p. :
Dimensions 24 cm.
521 ## - TARGET AUDIENCE NOTE
Target audience note
562 ## - COPY AND VERSION IDENTIFICATION NOTE
Number of copies 1
650 ## - SUBJECT ADDED ENTRY--TOPICAL TERM
Topical term or geographic name as entry element 1. Small business-United States.
650 ## - SUBJECT ADDED ENTRY--TOPICAL TERM
Topical term or geographic name as entry element 2. New Business enterprises- United Staes.
942 ## - ADDED ENTRY ELEMENTS (KOHA)
Source of classification or shelving scheme Library of Congress Classification
Koha item type Books
Call number prefix Foreign
Holdings
Withdrawn status Lost status Source of classification or shelving scheme Damaged status Home library Current library Shelving location Date acquired Total Checkouts Total Renewals Full call number Barcode Date last seen Date checked out Copy number Price effective from Koha item type
    Library of Congress Classification   College Library College Library General Circulation Section 12/09/2013 1 1 HD 2346.U5 .D78 1993 C11912 05/15/2018 09/05/2017 1 12/09/2013 Books

Innovation and entrepreneurship :

APA

Drucker P. F., . (1993). Innovation and entrepreneurship. New York: Harper Business.

Chicago

Drucker Peter F, . 1993. Innovation and entrepreneurship. New York: Harper Business.

Harvard

Drucker P. F., . (1993). Innovation and entrepreneurship. New York: Harper Business.

MLA

Drucker Peter F, . Innovation and entrepreneurship. New York: Harper Business. 1993.

  • Place hold
  • Print
  • Cite
  • Add to your cart (remove)
  • Save record
    BIBTEX Dublin Core MARCXML MARC (non-Unicode/MARC-8) MARC (Unicode/UTF-8) MARC (Unicode/UTF-8, Standard) MODS (XML) RIS
  • More searches
    Search for this title in:
    Other Libraries (WorldCat) Other Databases (Google Scholar) Online Stores (Bookfinder.com) Open Library (openlibrary.org)

Exporting to Dublin Core...

SOUTHVILLE LIBRARY

Southville International School and Colleges Library

1281 Tropical Ave. Cor. Luxembourg St., BF Homes International, Las Pinas City

Tel. No. 8256374 / 252358 Loc. 117/146

Powered by Koha